[Event "West of England op"]
[Site "Exmouth"]
[Date "2003.04.20"]
[Round "6.4"]
[White "Chaplin, Peter Edward"]
[Black "Rudd, Jack"]
[Result "0-1"]
[WhiteElo "2032"]
[BlackElo "2200"]
[PlyCount "48"]
[EventDate "2003.04.18"]
[EventType "swiss"]
[EventRounds "7"]
[EventCountry "ENG"]
[SourceTitle "EXT 2005"]
[Source "ChessBase"]
[SourceDate "2004.11.15"]
[SourceVersion "1"]
[SourceVersionDate "2004.11.15"]
[SourceQuality "1"]

1. Nc3 Nf6 2. Nf3 c5 3. e4 d6 4. d3 g6 5. g3 Bg7 6. Bg2 Nc6 7. h3 0-0 8. Be3 e5 9. Qd2 Nd4 10. Ne2 Be6 11. c4 a6 12. Nexd4 cxd4 13. Bh6 b5 14. b3 Rb8 15. h4 bxc4 16. bxc4 Bxh6 17. Qxh6 Qa5+ 18. Qd2 Qxd2+ 19. Nxd2 Rb2 20. Nb3 Bg4 21. Nc1 Rfb8 22. 0-0 Rc2 23. f3 Rbb2 24. Bh1 Bh3 0-1